Washington Georgia (Record no. 1681)

000 -LEADER
fixed length control field 00614nam a22002057a 4500
003 - CONTROL NUMBER IDENTIFIER
control field OSt
005 - DATE AND TIME OF LATEST TRANSACTION
control field 20210423055003.0
008 - FIXED-LENGTH DATA ELEMENTS--GENERAL INFORMATION
fixed length control field 210224s1980 ||||| |||| 00| 0 eng d
040 ## - CATALOGING SOURCE
Original cataloging agency eng
Language of cataloging eng
Transcribing agency DLC
041 ## - LANGUAGE CODE
Language code of text/sound track or separate title eng
080 ## - UNIVERSAL DECIMAL CLASSIFICATION NUMBER
Universal Decimal Classification number 94
Item number R-20
100 ## - MAIN ENTRY--PERSONAL NAME
9 (RLIN) 1089
Personal name Randall, Rider. Jo
245 ## - TITLE STATEMENT
Title Washington Georgia
Remainder of title : After 200 Years
Statement of responsibility, etc. / by: Wilkes Publishing Company Inc
260 ## - PUBLICATION, DISTRIBUTION, ETC.
Place of publication, distribution, etc. Washington, Georgia
Name of publisher, distributor, etc. Wilkes Publishing Company Inc
Date of publication, distribution, etc. 1980
300 ## - PHYSICAL DESCRIPTION
Extent 228 p.
Other physical details ill.
650 #0 - SUBJECT ADDED ENTRY--TOPICAL TERM
9 (RLIN) 252
Topical term or geographic name entry element History
653 ## - INDEX TERM--UNCONTROLLED
Uncontrolled term ისტორია
700 ## - ADDED ENTRY--PERSONAL NAME
9 (RLIN) 1090
Personal name Newsome, (Sparky) S., P. Jr
Relator term Photography
942 ## - ADDED ENTRY ELEMENTS (KOHA)
Source of classification or shelving scheme
Koha item type Books
Holdings
Withdrawn status Lost status Source of classification or shelving scheme Damaged status Not for loan Permanent location Current location Date acquired Inventory number Total Checkouts Full call number Barcode Date last seen Price effective from Koha item type
          Ken Walker International University Ken Walker International University 02/24/2021 1517   94 R-20 1517 02/24/2021 02/24/2021 Books

Powered by Koha